000 00527nam a2200181 a 4500
005 20140412111301.0
008 001118s19uu xx 00 eng d
020 _a0-689-31733-6
050 _aER
_bFi52
100 _aLe Guin, Ursula K.
245 _aFish soup /
_cUrsula K. Le Guin ; illustrated by Patrick Wynne.
260 _aNew York :
_bAtheneum,
_c1992.
300 _a32 p. ; col. ; ill.
650 _aAllegories
650 _aExpectations (Psychology) -- Fiction
650 _aSex role -- Fiction
999 _c103408
_d103408